000
00332nam a22001457a 4500
008
210309b ||||| |||| 00| 0 eng d
020
_a
0425169049
041
_a
eng
080
_a
336
082
_a
336
100
_a
56
101
_a
FIN
245
_a
Smart Questions to ask your Financial Advisor
_c
Brenner, L
942
_2
udc
_c
BK
999
_c
56087
_d
56087